The Great Sporcle Mystery Quiz Stats

 Plays Quiz Updated Oct 4, 2018

Challenge
Share
Tweet
Embed
Score 0/240 Timer 16:00
11 Plays Today
% Correct
════════════════
99.9%
════════════════
99.9%
════════════════
99.9%
════════════════
99.9%
▼FOYER▼ (ts3)
99.9%
Type in the 4-letter
99.9%
words for this very
99.9%
simple word ladder.
99.9%
____ of Fame or Study ____
99.9%
Stop or cease:
94.4%
HALL [↑goes up↑]
94.4%
Mr. Disney:
87.7%
HALT
87.7%
Stroll:
86.6%
WALT
86.6%
Gab:
86.4%
WALK
86.3%
War machine:
85.4%
TALK
85.4%
Where the money is:
84.1%
TANK
84.1%
♦CLUE: *See
84%
the bonus
84%
answers (bottom
84%
of last column)
84%
BANK
84%
════════════════
81%
════════════════
81%
Mess Hall.
80.7%
▼PUB▼ (94z)
80.6%
════════════════
80.6%
════════════════
80.6%
Missing Word:
80.6%
Oscar Winners
80.6%
The King's ______
80.6%
Type 'WINE GLASS'
80.6%
to go up to the
80.6%
════════════════
79.7%
════════════════
79.7%
▼MESS
79%
HALL▼ (o33)
79%
Unscramble
79%
these colors:
79%
MICRONS
79%
LYLWEO
79%
SQUIREOUT
79%
MACER
79%
LUPPER
79%
UQAA
79%
Type 'SOUPS ON'
79%
to go up or 'PUB
79%
LEFT' to go down
79%
▼COOKHOUSE▼ (y1a)
78.4%
Complete this
78.4%
brief 4-letter
78.4%
word ladder.
78.4%
*Edible items:
78.4%
Type 'WINE GLASS'
78.4%
to go down or 'LETS
78.4%
DANCE' to go right
78.4%
be important later.
78.1%
*The letters/numbers
78.1%
after the names will
78.1%
Here are the
78.1%
six suspects:
78.1%
Miss Malachite (vc6)
77.8%
════════════════
77.7%
════════════════
77.7%
▼DISCO▼ (56g)
77.7%
periodic table.
77.7%
Welcome to the disco.
77.7%
This room will provide
77.7%
you with the key to
77.7%
the basement, where
77.7%
you will get details
77.7%
on how to win.
77.7%
All you have to do
77.7%
is...*dance*!
77.7%
No, only kidding.
77.7%
Name the first four
77.7%
% Correct
elements of the
77.7%
Ordinary _____
77.5%
The _____ Connection
77.5%
From Here to _____
77.5%
The Sound of _____
77.5%
♦CLUE: the murder
77.5%
room is NOT any
77.5%
of the following:
77.5%
↓↓↓↓
77.4%
════════════════
77.4%
════════════════
77.4%
════════════════
77.4%
▼OFFICE▼ (uc6)
77.3%
The Weapons:
77.3%
CURTAIN ROD (y78)
77.3%
BROADSWORD (9vw)
77.3%
BILLY CLUB (fxu)
77.3%
HANDGUN (re4)
77.3%
GARROTE (c1b)
77.3%
CROSSBOW (j8x)
77.3%
*The letters/numbers
77.3%
after the words will
77.3%
be important later.
77.3%
Type 'LIBRARY BOOK'
77.3%
to go up to Rec Room
77.3%
or 'SECRET STUDY'
77.3%
to find the passage
77.3%
to the Cookhouse.
77.3%
════════════════
76.4%
════════════════
76.4%
════════════════
76.3%
════════════════
76.3%
• Basement
76.1%
════════════════
75.9%
When you've gotten
75.8%
all four, type in the
75.8%
four digits in
75.8%
parentheses
75.8%
(as they appear
75.8%
top to bottom)
75.8%
to get the key.
75.8%
▼REC ROOM▼ (5ya)
75.8%
Colonel Amber (rq9)
75.8%
Name the author of
75.7%
The Count of Monte
75.7%
Cristo OR the author of
75.7%
To Kill a Mockingbird.
75.7%
Type '8BALLZ' to go up
75.7%
Hydrogen (P)
75.5%
▼MUSIC
75.5%
HALL▼ (2tm)
75.5%
Name the Three
75.5%
Tenors OR name
75.5%
the Three Stooges.
75.5%
But BEFORE you
75.5%
do that, type
75.5%
'WHAT FOR'
75.5%
Type '8BALLZ'
75.5%
to go down or 'LETS
75.5%
DANCE' to go left.
75.5%
▼POOL
75.4%
Name a Paul
75.4%
Newman billiard
75.4%
movie OR the
75.4%
capital of Namibia.
75.4%
HALL▼ (1ie)
75.4%
Type 'SWEET MUSIC'
75.4%
to go up or 'LIBRARY
75.4%
BOOK' to go down.
75.4%
Prof. Periwinkle (j92)
75.2%
Helium (2)
74.9%
Okay, now
73.9%
you're good.
73.9%
These are NOT the
73.9%
murder weapons:
73.9%
Mrs. Beige (b4n)
72.9%
• • •
72.7%
Solve for x:
72.7%
5x + 4 = 109
72.7%
x = ?
72.7%
% Correct
Lithium (K)
72.2%
Pavarotti or Curly
72%
• Broadsword
72%
╤PASSAGE╤
71.6%
Type 'SOUPS ON'
71.6%
Domingo or Moe
71.5%
• Crossbow
71.5%
music hall.
71.1%
♦CLUE: The murder
71%
room is not the
71%
cookhouse, mess
71%
hall, or the
71%
Beryllium (Z)
70.9%
Carreras or Larry
70.8%
• Garrote
70.8%
*Basement Key:
70.4%
Type 'MUSTY4'
70.4%
▼BASEMENT▼ (hb5)
70.2%
As you may have
70.2%
guessed, in order
70.2%
to win the game
70.2%
you first have to
70.2%
figure out the killer,
70.2%
room, and weapon.
70.2%
Once you have
70.2%
done that, take
70.2%
the 3-character
70.2%
codes behind each
70.2%
correct suspect,»»
70.2%
»»room, and weapon
70.2%
and type them all out
70.2%
together as one long
70.2%
9-character code.
70.2%
(ex: 'u7g5phr9o')
70.2%
BE SURE to type
70.2%
the code in THAT
70.2%
order--suspect,
70.2%
room, weapon.
70.2%
(no spaces)
70.2%
Good luck.
70.2%
*Traverse, cross:
69.9%
FOOD
69.9%
• Rec Room
69.2%
secret passage,
69.1%
*To go through the
69.1%
type 'SWEET MUSIC'
69.1%
• Office
69.1%
• Foyer
69%
Mr. Olive (2op)
68.2%
♦CLUE: The murder
65.4%
room does not
65.4%
begin with 'P'.
65.4%
Miss Cherry (5yn)
63.9%
*Master:
58.7%
FORD
58.7%
*Bunch, bundle:
57.8%
LORD
57.8%
passage: '21'
53.8%
*Guide:
53.8%
*Answer to
53.8%
office secret
53.8%
LOAD
53.8%
! ! ! ! !
51.9%
! ! ! ! !
51.9%
! ! ! ! !
51.9%
*Drip:
51.4%
LEAD
51.4%
the billy club
50.1%
♦CLUE: the murder
50%
weapon is NOT
50%
or handgun
50%
LEAK
50%
*YOU WIN!!!*
36.8%
*! ! !*:
36.8%
*YOU WIN!!!*
36.8%
THE MYSTERY
35.2%
YOU SOLVED
35.1%
!!« « YOU WIN » »!!
35.1%
• • •
35.1%
• • •
35.1%

You're not logged in!

Compare scores with friends on all Sporcle quizzes.
OR
Log In

You Might Also Like...

Show Comments

Extras

Top Quizzes Today


Score Distribution

Your Account Isn't Verified!

In order to create a playlist on Sporcle, you need to verify the email address you used during registration. Go to your Sporcle Settings to finish the process.

Report this User

Report this user for behavior that violates our Community Guidelines.

Details: